[Event "FICS rated standard game"]
[Site "FICS freechess.org"]
[Date "2008.01.01"]
[Round "?"]
[White "LochChessMonster"]
[Black "vialactea"]
[Result "0-1"]
[WhiteElo "2274"]
[BlackElo "2339"]
[PlyCount "120"]
[EventDate "2008.??.??"]
[SourceTitle "OM Portal C 201906"]
[Source "Opening Master"]
[SourceDate "2019.06.27"]
[SourceVersion "1"]
[SourceVersionDate "2019.06.27"]
[SourceQuality "1"]

1. e4 Nc6 2. Nf3 e5 3. c3 Nf6 4. d4 exd4 5. e5 Ne4 6. Qe2 f5 7. exf6 d5 8. Nxd4
Nxd4 9. cxd4 Qxf6 10. f3 Qxd4 11. fxe4 Bb4+ 12. Bd2 Qxb2 13. Bxb4 Qxb4+ 14. Nd2
O-O 15. Qb5 Qc3 16. Rb1 Be6 17. Qb3 Qd4 18. exd5 Qf2+ 19. Kd1 Rad8 20. Bc4 Qxg2
21. Re1 Bxd5 22. Rb2 c6 23. Bxd5+ Rxd5 24. Qe3 b5 25. Kc1 Qxh2 26. Qe6+ Kh8 27.
Qxc6 Qf2 28. Qe6 a5 29. Rc2 Qf5 30. Qxf5 Rdxf5 31. Re7 Kg8 32. Ra7 a4 33. Rb7
h6 34. Rcc7 Rg5 35. Rc2 Rf4 36. Rc8+ Kh7 37. Kc2 h5 38. Rd7 h4 39. Rc3 Rg3 40.
Rd5 Rxc3+ 41. Kxc3 b4+ 42. Kd3 Kh6 43. Rd8 Kh5 44. Rg8 g5 45. Ne4 Rf5 46. Rb8
b3 47. axb3 axb3 48. Kd4 Kg4 49. Rxb3 h3 50. Rb6 Kf4 51. Rb1 Ra5 52. Rf1+ Kg4
53. Rh1 Kh4 54. Nxg5 Rxg5 55. Ke4 Rg3 56. Kf4 Rg2 57. Kf3 Ra2 58. Re1 h2 59.
Rh1 Kh3 60. Rd1 Ra4 0-1

[Event "Condom op"]
[Site "Condom"]
[Date "2008.??.??"]
[Round "7"]
[White "Humeau, Cyril"]
[Black "Marholev, Dimitar"]
[Result "0-1"]
[WhiteElo "2170"]
[BlackElo "2366"]
[PlyCount "122"]
[EventDate "2008.07.12"]
[EventType "swiss"]
[EventRounds "9"]
[EventCountry "FRA"]
[SourceTitle "EXT 2009"]
[Source "ChessBase"]
[SourceDate "2008.11.26"]
[SourceVersion "1"]
[SourceVersionDate "2008.11.26"]
[SourceQuality "1"]

1. e4 e5 2. Nf3 Nc6 3. c3 Nf6 4. d4 d6 5. Bb5 Bd7 6. O-O Be7 7. Re1 O-O 8. Bg5
Nxd4 9. Nxd4 exd4 10. Bxd7 dxc3 11. Nxc3 Nxd7 12. Be3 c6 13. Qb3 b5 14. Rad1
Ne5 15. h3 Nc4 16. Bf4 Qb6 17. Qc2 Rad8 18. Rd3 Ne5 19. Rdd1 Rfe8 20. Be3 Qb8
21. Bf4 Bf6 22. Ne2 Rc8 23. Bg3 Red8 24. Nf4 g6 25. Qe2 a5 26. Nd3 Nxd3 27.
Rxd3 Be5 28. f4 Bg7 29. Red1 Qa7+ 30. Kh1 Qe7 31. b3 Re8 32. Rxd6 Qxe4 33. Qxe4
Rxe4 34. Rc1 c5 35. Bh4 a4 36. Rd8+ Rxd8 37. Bxd8 axb3 38. axb3 c4 39. bxc4
Rxc4 40. Re1 h5 41. Rb1 b4 42. Be7 Bc3 43. Bd6 f6 44. g3 Rc6 45. Bxb4 Rb6 46.
Bxc3 Rxb1+ 47. Kg2 Kf7 48. Kf2 Rb3 49. Be1 Ke6 50. Kg2 Kf5 51. Ba5 h4 52. gxh4
Kxf4 53. Bc7+ Ke4 54. Bd6 f5 55. Bg3 f4 56. Bf2 Rb2 57. h5 gxh5 58. h4 Ra2 59.
Kh3 Kf3 60. Bc5 Rg2 61. Bf2 Rg4 0-1

[Event "Pamplona-B 18th"]
[Site "Pamplona"]
[Date "2008.??.??"]
[Round "6"]
[White "Starostits, Ilmars"]
[Black "Marholev, Dimitar"]
[Result "1/2-1/2"]
[WhiteElo "2480"]
[BlackElo "2421"]
[PlyCount "20"]
[EventDate "2008.12.01"]
[EventType "tourn"]
[EventRounds "9"]
[EventCountry "ESP"]
[EventCategory "4"]
[SourceTitle "CBM 127 Extra"]
[Source "ChessBase"]
[SourceDate "2009.01.08"]
[SourceVersion "2"]
[SourceVersionDate "2009.01.28"]
[SourceQuality "1"]

1. e4 e5 2. Nf3 Nc6 3. c3 Nf6 4. d4 d6 5. d5 Ne7 6. Bd3 g6 7. c4 Nd7 8. Nc3 Bg7
9. O-O O-O 10. Rb1 a5 1/2-1/2

[Event "Ostravsky 2008 - A"]
[Site "Konin"]
[Date "2008.??.??"]
[Round "5"]
[White "Sergeev, Vladimir"]
[Black "Talla, Vladimir"]
[Result "1/2-1/2"]
[WhiteElo "2505"]
[BlackElo "2403"]
[PlyCount "172"]
[EventDate "2008.04.26"]
[EventRounds "9"]
[EventCountry "POL"]
[SourceTitle "OM OTB B 201907"]
[Source "Opening Master"]
[SourceDate "2019.07.06"]
[SourceVersion "2"]
[SourceVersionDate "2019.07.06"]
[SourceQuality "1"]

1. e4 e5 2. Nf3 Nc6 3. c3 Nf6 4. d3 d6 5. Nbd2 g6 6. b4 Bg7 7. b5 Nb8 8. d4 O-O
9. Bd3 a6 10. bxa6 b6 11. O-O Nfd7 12. Nc4 Bxa6 13. Bg5 f6 14. Bh4 Rf7 15. Ne3
Qe8 16. Nd5 Nf8 17. Bxa6 Rxa6 18. Qb3 Ne6 19. Rfd1 Nc6 20. Qc4 Ra8 21. a4 Kh8
22. h3 Ra7 23. Qb5 Ra5 24. Qc4 Ra7 25. Ra2 Ra8 26. Nh2 Na5 27. Qd3 Qf8 28. f3
Rc8 29. Kh1 Ra8 30. Bf2 Ra7 31. Nf1 Bh6 32. Ng3 Nf4 33. Nxf4 Bxf4 34. Ne2 Bh6
35. Bg3 Ra8 36. f4 Re8 37. fxe5 fxe5 38. dxe5 dxe5 39. Qd5 Rf1+ 40. Rxf1 Qxf1+
41. Ng1 Qf6 42. Rf2 Bf4 43. Bxf4 exf4 44. Qd7 Rxe4 45. Qc8+ Kg7 46. Qxc7+ Re7
47. Qxf4 Qxf4 48. Rxf4 Re3 49. Rb4 Rxc3 50. Rxb6 Ra3 51. Rd6 Rxa4 52. Rd7+ Kg8
53. Rd8+ Kg7 54. Rd7+ Kg8 55. Ra7 Ra1 56. Kh2 Ra3 57. Nf3 Nc4 58. Rc7 Ne3 59.
Rd7 Ra6 60. g4 Rf6 61. Ne5 g5 62. Rd3 Nc2 63. Kg3 Nb4 64. Rd8+ Kg7 65. Rd7+ Kg8
66. Nf3 h6 67. Nd4 Nc6 68. Nf5 Kh8 69. Rd5 Re6 70. h4 gxh4+ 71. Kxh4 Ne5 72.
Kh5 Kh7 73. Rb5 Nf7 74. Rb7 Kg8 75. Ra7 Rb6 76. Ra8+ Kh7 77. Rf8 Ng5 78. Rd8
Nf7 79. Rd7 Kg8 80. Ra7 Re6 81. Rb7 Ra6 82. Kh4 Re6 83. Ng3 Ne5 84. Nh5 Rg6 85.
Rb4 Rxg4+ 86. Rxg4+ Nxg4 1/2-1/2

[Event "corr DESC"]
[Site "www.desc-online.de"]
[Date "2008.??.??"]
[Round "3"]
[White "Rohde, Friedhelm"]
[Black "Rennert, Ralf"]
[Result "0-1"]
[WhiteElo "2170"]
[BlackElo "2178"]
[PlyCount "61"]
[EventDate "2009.??.??"]
[EventType "team-tourn"]
[SourceTitle "OM Corr 202003"]
[Source "Opening Master"]
[SourceDate "2019.05.30"]
[SourceVersion "2"]
[SourceVersionDate "2019.05.30"]
[SourceQuality "1"]

1. e4 e5 2. Nf3 Nc6 3. c3 Nf6 4. d4 Nxe4 5. d5 Ne7 6. Nxe5 Nf6 7. Qe2 Nfxd5 8.
Qe4 Nf6 9. Qe2 d6 10. Nf3 g6 11. Qd1 Bg7 12. Bd3 O-O 13. O-O Bf5 14. Re1 Qd7
15. Bg5 Rfe8 16. Bxf6 Bxf6 17. Na3 d5 18. Ne5 Bxe5 19. Rxe5 Bxd3 20. Qxd3 c6
21. Rae1 f6 22. R5e2 Nf5 23. Nc2 Rxe2 24. Rxe2 Re8 25. Ne3 Nxe3 26. fxe3 Re4
27. Rf2 Qe7 28. Rf3 f5 29. Qd2 Kg7 30. Kf2 Kf6 31. Kg1 0-1

[Event "MCRE_KT55"]
[Site "?"]
[Date "2008.??.??"]
[Round "?"]
[White "Novak, Vaclav"]
[Black "Pech, Jaroslav"]
[Result "1/2-1/2"]
[WhiteElo "2001"]
[BlackElo "1940"]
[PlyCount "21"]
[EventDate "2008.??.??"]
[EventType "corr"]
[EventRounds "2"]
[SourceTitle "OM Corr 202003"]
[Source "Opening Master"]
[SourceDate "2019.05.30"]
[SourceVersion "2"]
[SourceVersionDate "2019.05.30"]
[SourceQuality "1"]

1. e4 e5 2. Nf3 Nc6 3. c3 d5 4. exd5 Qxd5 5. Qb3 Qxb3 6. axb3 e4 7. Ng5 Bf5 8.
Bc4 Ne5 9. O-O Nxc4 10. bxc4 Be7 11. f4 1/2-1/2

[Event "30m + 0s, rated rapid"]
[Site "?"]
[Date "2008.??.??"]
[Round "?"]
[White "Pascal8"]
[Black "Justagame"]
[Result "0-1"]
[WhiteElo "2180"]
[BlackElo "2535"]
[PlyCount "96"]
[EventDate "2008.??.??"]
[EventType "schev (rapid)"]
[EventRounds "6"]
[SourceTitle "OM Portal C 201906"]
[Source "Opening Master"]
[SourceDate "2019.06.27"]
[SourceVersion "1"]
[SourceVersionDate "2019.06.27"]
[SourceQuality "1"]

1. e4 Nc6 2. Nf3 e5 3. c3 Nf6 4. d3 Be7 5. Be2 d5 6. exd5 Qxd5 7. c4 Qd6 8. O-O
O-O 9. h3 Bf5 10. Nc3 a6 11. Nh4 Bd7 12. Nf3 Nd4 13. Be3 Bc6 14. Nh2 Rab8 15.
Qd2 b5 16. cxb5 axb5 17. a3 Nb3 18. Qd1 Nxa1 19. Qxa1 b4 20. axb4 Rxb4 21. Nf3
Nd5 22. Bd2 Nf4 23. Bxf4 exf4 24. Qc1 Rfb8 25. Nd1 Qc5 26. Qd2 Bf6 27. d4 Bxd4
28. Nxd4 Rxd4 29. Qc3 Qxc3 30. bxc3 Rd2 31. Re1 Re8 32. Kf1 Rexe2 33. g3 fxg3
34. Rxe2 Rxd1+ 35. Re1 Bg2+ 36. Ke2 Bf3+ 37. Kxf3 Rxe1 38. Kxg3 Rc1 39. c4 Rxc4
40. Kf3 Rh4 41. Kg3 c5 42. Kxh4 c4 43. Kg3 c3 44. Kf3 c2 45. Ke2 c1=Q 46. Kf3
Qh1+ 47. Kg3 g5 48. f3 Qg1# 0-1

[Event "Montigny le Bretonneux Noel op 10th"]
[Site "Montigny le Bretonneux"]
[Date "2007.12.31"]
[Round "7"]
[White "Boussaha, Bilal"]
[Black "Imbert, Christophe"]
[Result "0-1"]
[WhiteElo "1990"]
[BlackElo "2130"]
[PlyCount "65"]
[EventDate "2007.12.26"]
[EventType "swiss"]
[EventRounds "7"]
[EventCountry "FRA"]
[SourceTitle "CBM 122 Extra"]
[Source "ChessBase"]
[SourceDate "2008.03.04"]
[SourceVersion "1"]
[SourceVersionDate "2008.03.04"]
[SourceQuality "1"]

1. e4 e5 2. Nf3 Nc6 3. c3 Nf6 4. d4 d6 5. Bd3 Be7 6. h3 O-O 7. O-O h6 8. Re1
Nh7 9. Be3 Bf6 10. Nbd2 Bd7 11. Nf1 Ng5 12. Ng3 Nxf3+ 13. Qxf3 exd4 14. cxd4
Bxd4 15. Bxd4 Nxd4 16. Qe3 Qf6 17. Nh5 Qe5 18. f4 Qxh5 19. Qxd4 Rfe8 20. e5 Qh4
21. Qe4 g6 22. Qxb7 Rab8 23. Qxa7 Bxh3 24. Qe3 Bd7 25. b3 Rb4 26. g3 Qh5 27.
Be2 Bg4 28. Bxg4 Qxg4 29. Kg2 dxe5 30. fxe5 Rd4 31. Rac1 Red8 32. Rc2 c5 33. e6
0-1

[Event "Vanoce FIDE open 2007"]
[Site "Ostrava,CZE"]
[Date "2007.12.29"]
[Round "6.4"]
[White "Reznicek, Marcel"]
[Black "Novosadova, Kristyna"]
[Result "1-0"]
[WhiteElo "2099"]
[BlackElo "2013"]
[PlyCount "67"]
[EventDate "2007.12.??"]
[EventRounds "9"]
[EventCountry "CZE"]
[SourceTitle "OM OTB B 201907"]
[Source "Opening Master"]
[SourceDate "2019.07.06"]
[SourceVersion "2"]
[SourceVersionDate "2019.07.06"]
[SourceQuality "1"]

1. e4 e5 2. Nf3 Nc6 3. c3 Nf6 4. d4 exd4 5. e5 Qe7 6. cxd4 d6 7. Bb5 dxe5 8.
Nxe5 Bd7 9. O-O O-O-O 10. Bxc6 Bxc6 11. Nxc6 bxc6 12. Qa4 Qd6 13. Qxa7 h5 14.
g3 Nd5 15. Nc3 h4 16. Nxd5 Qxd5 17. Bf4 Bd6 18. Bxd6 Qxd6 19. Rac1 Qh6 20. Qa6+
Kd7 21. d5 cxd5 22. Qa4+ Kc8 23. Rc6 Rd6 24. Rfc1 Rxc6 25. Rxc6 Qh5 26. Qa6+
Kd8 27. Qa8+ Kd7 28. Qa4 Kd8 29. Rc5 hxg3 30. Qa8+ Ke7 31. Rxc7+ Kf6 32. Qc6+
Kg5 33. Qxd5+ Kf6 34. Rc6+ 1-0

[Event "2007"]
[Site "Litomysl"]
[Date "2007.12.28"]
[Round "4.24"]
[White "Cagara, Paulina"]
[Black "Vrana, Jan"]
[Result "1/2-1/2"]
[WhiteElo "2076"]
[BlackElo "2248"]
[PlyCount "83"]
[EventDate "2007.12.26"]
[EventRounds "9"]
[EventCountry "CZE"]
[SourceTitle "OM OTB B 201907"]
[Source "Opening Master"]
[SourceDate "2019.07.06"]
[SourceVersion "2"]
[SourceVersionDate "2019.07.06"]
[SourceQuality "1"]

1. e4 e5 2. Nf3 Nc6 3. c3 Nf6 4. d4 Nxe4 5. d5 Ne7 6. Nxe5 Ng6 7. Qd4 Qf6 8.
Qxe4 Qxe5 9. Qxe5+ Nxe5 10. Bf4 Bd6 11. Nd2 O-O 12. O-O-O b6 13. Bxe5 Bxe5 14.
g3 Bb7 15. Bg2 g6 16. Rhe1 Rae8 17. Re3 Bg7 18. Rde1 Rxe3 19. Rxe3 f5 20. f4
Bf6 21. Kc2 Kf7 22. Nc4 d6 23. h4 h6 24. Re1 Rg8 25. Ne3 Re8 26. Kd2 b5 27. Bf3
b4 28. Rc1 bxc3+ 29. bxc3 Ba6 30. h5 Rb8 31. hxg6+ Kxg6 32. Kc2 Bg7 33. Rh1 Bb5
34. g4 Ba4+ 35. Kd3 Rb2 36. gxf5+ Kf7 37. Bh5+ Kf8 38. Re1 Bb5+ 39. c4 Bd7 40.
Re2 Rxe2 41. Bxe2 Ke7 42. Ke4 1/2-1/2

[Event "Team match"]
[Site "http://gameknot.com/chess.pl?"]
[Date "2007.12.17"]
[Round "?"]
[White "Fanami"]
[Black "Nimzow"]
[Result "0-1"]
[WhiteElo "2132"]
[BlackElo "2198"]
[PlyCount "70"]
[EventDate "2007.??.??"]
[SourceTitle "OM Portal C 201906"]
[Source "Opening Master"]
[SourceDate "2019.06.27"]
[SourceVersion "1"]
[SourceVersionDate "2019.06.27"]
[SourceQuality "1"]

1. e4 e5 2. Nf3 Nc6 3. c3 d5 4. Qa4 Bd7 5. exd5 Nd4 6. Qd1 Nxf3+ 7. Qxf3 Bd6 8.
d3 f5 9. Be2 Qe7 10. Nd2 Nf6 11. Nc4 f4 12. Nxd6+ cxd6 13. d4 exd4 14. O-O O-O
15. Bd3 dxc3 16. bxc3 Ng4 17. Qe4 Qxe4 18. Bxe4 Rae8 19. f3 Ne5 20. a4 g5 21.
g3 Bh3 22. gxf4 Bxf1 23. fxe5 Be2 24. Ba3 Bxf3 25. Bxf3 Rxf3 26. Bxd6 Rxc3 27.
Rb1 Rec8 28. Rxb7 Rd3 29. Kf2 Rc2+ 30. Ke1 Rxd5 31. Rb8+ Kg7 32. Rd8 Rcd2 33.
Rd7+ Kg6 34. Rxa7 Rxh2 35. Ra6 Rd3 0-1

[Event "Hafnarfjordur-ch"]
[Site "Reykjavik"]
[Date "2007.12.16"]
[Round "6"]
[White "Kristjansson, Atli Freyr"]
[Black "Olafsson, Thorvadur F"]
[Result "1/2-1/2"]
[WhiteElo "1979"]
[BlackElo "2150"]
[PlyCount "81"]
[EventDate "2007.12.13"]
[EventType "swiss"]
[EventRounds "7"]
[EventCountry "ISL"]
[SourceTitle "CBM 122 Extra"]
[Source "ChessBase"]
[SourceDate "2008.03.04"]
[SourceVersion "1"]
[SourceVersionDate "2008.03.04"]
[SourceQuality "1"]

1. e4 e5 2. Nf3 Nc6 3. c3 Nf6 4. d4 Nxe4 5. d5 Ne7 6. Nxe5 Ng6 7. Qd4 Qe7 8.
Qxe4 Qxe5 9. Qxe5+ Nxe5 10. h3 Ng6 11. f4 Bc5 12. b4 Bd6 13. g3 a5 14. b5 Bc5
15. Ba3 b6 16. Bxc5 bxc5 17. a4 Bb7 18. Bg2 Ne7 19. c4 Nc8 20. Kd2 Kd8 21. Nc3
d6 22. Kc2 Nb6 23. Kb3 Kd7 24. Rhe1 Rae8 25. Ne4 h6 26. Nf2 Kd8 27. Nd3 Kc8 28.
h4 Kb8 29. Bh3 Bc8 30. Bxc8 Kxc8 31. g4 Kd8 32. f5 Rxe1 33. Rxe1 Re8 34. Rxe8+
Kxe8 35. g5 Ke7 36. Nf4 Ke8 37. Nh5 hxg5 38. hxg5 Kf8 39. g6 Kg8 40. Nf4 Kf8
41. Nh5 1/2-1/2

[Event "HUN-chT2 Barcza 0708"]
[Site "Hungary"]
[Date "2007.12.16"]
[Round "5"]
[White "Kovacs, Laszlo2"]
[Black "Sinka, Csaba"]
[Result "1/2-1/2"]
[WhiteElo "2100"]
[BlackElo "2101"]
[PlyCount "35"]
[EventDate "2007.10.14"]
[EventType "team"]
[EventRounds "11"]
[EventCountry "HUN"]
[SourceTitle "EXT 2009"]
[Source "ChessBase"]
[SourceDate "2008.11.26"]
[SourceVersion "1"]
[SourceVersionDate "2008.11.26"]
[SourceQuality "1"]
[WhiteTeam "Miskolc II"]
[BlackTeam "Tiszavasvari"]
[WhiteTeamCountry "HUN"]
[BlackTeamCountry "HUN"]

1. e4 e5 2. Nf3 Nc6 3. c3 Nf6 4. d3 d5 5. exd5 Qxd5 6. Be2 Be7 7. O-O O-O 8. h3
a5 9. a4 Bf5 10. Nh4 Be6 11. Nf3 Rad8 12. c4 Qd7 13. Qb3 Bc5 14. Be3 Bxe3 15.
fxe3 e4 16. Ne1 exd3 17. Nxd3 Ne4 18. Nf4 1/2-1/2

[Event "WC-2010-S-00008"]
[Site "Lechenicher SchachServer"]
[Date "2007.12.15"]
[Round "?"]
[White "Buczinski, Henryk"]
[Black "Salzmann, Stefan"]
[Result "1-0"]
[WhiteElo "2184"]
[BlackElo "2108"]
[PlyCount "67"]
[EventDate "2007.12.15"]
[SourceTitle "OM Corr 202003"]
[Source "Opening Master"]
[SourceDate "2019.05.30"]
[SourceVersion "2"]
[SourceVersionDate "2019.05.30"]
[SourceQuality "1"]

1. e4 e5 2. Nf3 Nc6 3. c3 Nf6 4. d4 Nxe4 5. d5 Ne7 6. Nxe5 Ng6 7. Nxg6 hxg6 8.
Nd2 Nf6 9. Nf3 Bc5 10. Be2 O-O 11. O-O c6 12. d6 Ne4 13. Bd3 Nxd6 14. b4 Bb6
15. Bg5 f6 16. Bf4 Nf5 17. Bxf5 gxf5 18. Bd6 Re8 19. Nh4 Re6 20. c4 Qe8 21.
Nxf5 g6 22. Qg4 a5 23. b5 Re4 24. Qg3 Kh7 25. Qh3+ Kg8 26. Nh6+ Kg7 27. Ng4 Bd8
28. Qh6+ Kg8 29. Rad1 Rxg4 30. Rfe1 Re4 31. Rxe4 Qxe4 32. Qf8+ Kh7 33. Qf7+ Kh6
34. f4 1-0

[Event "29th GK tournament"]
[Site "http://gameknot.com/chess.pl?"]
[Date "2007.12.12"]
[Round "?"]
[White "nordlicht"]
[Black "willyvp"]
[Result "0-1"]
[WhiteElo "2136"]
[BlackElo "2239"]
[PlyCount "58"]
[EventDate "2007.??.??"]
[SourceTitle "OM Portal C 201906"]
[Source "Opening Master"]
[SourceDate "2019.06.27"]
[SourceVersion "1"]
[SourceVersionDate "2019.06.27"]
[SourceQuality "1"]

1. e4 e5 2. Nf3 Nc6 3. c3 d5 4. Qa4 Bd7 5. exd5 Nd4 6. Qd1 Nxf3+ 7. Qxf3 Nf6 8.
Bc4 e4 9. Qe2 Bd6 10. d4 O-O 11. h3 Re8 12. O-O Qc8 13. Na3 a6 14. Bg5 Bxh3 15.
gxh3 Qxh3 16. f3 Re5 17. Be3 Rh5 18. Qg2 Bh2+ 19. Kf2 exf3 20. Qxh3 Rxh3 21.
Nc2 b5 22. Bd3 Ng4+ 23. Ke1 Nxe3 24. Nxe3 Re8 25. Kf2 Bg3+ 26. Kxf3 Bh4+ 27.
Kg2 Rexe3 28. Bf5 Reg3+ 29. Kf2 Rh2+ 0-1

[Event "SRB Central-ch"]
[Site "Vrnjacka Banja"]
[Date "2007.12.11"]
[Round "2"]
[White "Radovanovic, Slavko"]
[Black "Biljanic, Ljubomir"]
[Result "1/2-1/2"]
[WhiteElo "2200"]
[BlackElo "2291"]
[PlyCount "233"]
[EventDate "2007.12.10"]
[EventType "swiss"]
[EventRounds "9"]
[EventCountry "YUG"]
[SourceTitle "CBM 121 Extra"]
[Source "ChessBase"]
[SourceDate "2008.01.10"]
[SourceVersion "1"]
[SourceVersionDate "2008.01.10"]
[SourceQuality "1"]

1. e4 e5 2. Nf3 Nc6 3. c3 d5 4. Qa4 Qd6 5. Bb5 Bd7 6. d3 dxe4 7. dxe4 Qg6 8.
O-O Nf6 9. Re1 Bd6 10. Qc2 O-O 11. Bg5 Bg4 12. Nbd2 Nd8 13. Bh4 Nh5 14. Bg3
Nxg3 15. hxg3 Qf6 16. Be2 c6 17. Nc4 Bc7 18. Ne3 Bxf3 19. Bxf3 Ne6 20. Rad1
Rfd8 21. Rxd8+ Rxd8 22. Rd1 g6 23. Rxd8+ Qxd8 24. Qd1 Qxd1+ 25. Bxd1 Kf8 26.
Kf1 Ke7 27. Bb3 Nc5 28. Bc2 b5 29. b4 Nb7 30. Ke2 Bb6 31. Nd1 Nd6 32. f3 a5 33.
a4 axb4 34. cxb4 Bd4 35. a5 Kd7 36. Bb3 f6 37. Kd3 Ne8 38. Bg8 h6 39. Bf7 Nc7
40. Kc2 g5 41. Nb2 Bxb2 42. Kxb2 Ke7 43. Bg8 h5 44. Kc3 h4 45. gxh4 gxh4 46.
Bh7 Kd8 47. Bf5 Na6 48. Bg4 Kc7 49. Bf5 c5 50. bxc5 Nxc5 51. Kb4 Kc6 52. Bc8
Nd3+ 53. Kc3 Nf4 54. Bh3 Kc5 55. Kb3 Ne2 56. Bd7 Nd4+ 57. Kc3 Kd6 58. a6 b4+
59. Kc4 b3 60. a7 b2 61. a8=Q b1=Q 62. Ba4 Qc1+ 63. Kd3 Qf1+ 64. Kc3 Qe1+ 65.
Kd3 Qf2 66. Kc3 Qe3+ 67. Kc4 Qc1+ 68. Kd3 Qa3+ 69. Kc4 Qc5+ 70. Kd3 Ne6 71.
Qb8+ Qc7 72. Qb4+ Nc5+ 73. Kc4 Qa7 74. Bc2 Qa2+ 75. Kc3 Qa1+ 76. Kc4 Qf1+ 77.
Kc3 Qe1+ 78. Kc4 Qe2+ 79. Kc3 Qe3+ 80. Kc4 Qd4+ 81. Kb5 Qxb4+ 82. Kxb4 Ne6 83.
Bd3 Nf4 84. Bf1 Ke6 85. Kc3 Kf7 86. Kd2 Kg6 87. Ke3 Kg5 88. Kf2 Nh5 89. Ke3 Ng7
90. Bc4 Ne8 91. Bb5 Nd6 92. Bd3 Nb7 93. Bb1 Na5 94. Bd3 Nc6 95. Bf1 Nb4 96. Bc4
Nc2+ 97. Kf2 Kf4 98. Be6 Nd4 99. Bh3 Nc2 100. Be6 Ne3 101. Bb3 f5 102. exf5
Nxf5 103. Be6 Nd6 104. Bh3 Nc4 105. Be6 Nb2 106. Bh3 Nd1+ 107. Ke2 Nc3+ 108.
Kf2 Na4 109. Bc8 Nc3 110. Bh3 e4 111. fxe4 Nxe4+ 112. Kg1 Ke3 113. Bf5 Ng3 114.
Bg4 Kf4 115. Bd1 Nf5 116. Bh5 Kg3 117. Bf3 1/2-1/2

[Event "Bundesliga 0708"]
[Site "Germany"]
[Date "2007.12.09"]
[Round "6.5"]
[White "Slobodjan, Roman"]
[Black "Handke, Florian"]
[Result "1-0"]
[WhiteElo "2547"]
[BlackElo "2497"]
[PlyCount "127"]
[EventDate "2007.10.20"]
[EventType "team-tourn"]
[EventRounds "15"]
[EventCountry "GER"]
[SourceTitle "CBM 123"]
[Source "ChessBase"]
[SourceDate "2008.04.02"]
[SourceVersion "1"]
[SourceVersionDate "2008.04.02"]
[SourceQuality "1"]
[WhiteTeam "Bindlach"]
[BlackTeam "Wattenscheid"]
[WhiteTeamCountry "GER"]
[BlackTeamCountry "GER"]

1. e4 e5 2. Nf3 Nc6 3. c3 d5 4. Qa4 Bd7 5. exd5 Nd4 6. Qd1 Nxf3+ 7. Qxf3 Nf6 8.
Bc4 e4 9. Qe2 Qe7 10. d4 exd3 11. Qxe7+ Bxe7 12. O-O O-O-O 13. Bg5 Nxd5 14.
Bxe7 Nxe7 15. Bxf7 Rhf8 16. Bc4 Bc6 17. Nd2 Ng6 18. Rfe1 Nf4 19. f3 Rfe8 20.
Kf2 b5 21. Bb3 g5 22. g3 Ng6 23. Rxe8 Bxe8 24. Re1 c5 25. Be6+ Bd7 26. Bf7 c4
27. b3 cxb3 28. axb3 Rf8 29. Bd5 h5 30. c4 bxc4 31. Nxc4 Kc7 32. Ra1 Kb8 33.
Ke3 Ne7 34. Be4 h4 35. Ne5 Bc8 36. g4 Rd8 37. Nxd3 Nd5+ 38. Bxd5 Rxd5 39. Rc1
Ba6 40. Nb4 Re5+ 41. Kd4 Re6 42. Rc6 Rxc6 43. Nxc6+ Kc7 44. Ne5 Bb7 45. Kc5 Ba8
46. h3 Bb7 47. b4 Ba8 48. Nf7 Bxf3 49. Nxg5 Bb7 50. Ne6+ Kd7 51. Nf4 Ke7 52.
Ng6+ Kf6 53. Nxh4 Kg5 54. Nf5 Kf4 55. Kd4 Ba6 56. Ne3 Kg5 57. Ke5 Bd3 58. Nf5
a6 59. Ng3 Bg6 60. Ne4+ Kh4 61. Nc5 Be8 62. Nxa6 Kxh3 63. g5 Kg4 64. Nc7 1-0

[Event "TE.2005.S.02002"]
[Site "IECG"]
[Date "2007.12.08"]
[Round "2"]
[White "Abbey, William"]
[Black "Hlavacek, Ladislav"]
[Result "0-1"]
[WhiteElo "1571"]
[BlackElo "1816"]
[PlyCount "98"]
[EventDate "2007.12.08"]
[EventType "tourn (corr)"]
[SourceTitle "OM Corr 202003"]
[Source "Opening Master"]
[SourceDate "2019.05.30"]
[SourceVersion "2"]
[SourceVersionDate "2019.05.30"]
[SourceQuality "1"]

1. e4 e5 2. Nf3 Nc6 3. c3 Nf6 4. d4 exd4 5. e5 Nd5 6. Bb5 a6 7. Ba4 Nb6 8. O-O
Nxa4 9. Qxa4 Be7 10. Bf4 g5 11. Bc1 d3 12. Re1 h6 13. Nd4 O-O 14. Qc4 d6 15.
Nxc6 bxc6 16. Qxd3 dxe5 17. Qe2 f6 18. Rd1 Qe8 19. b3 Bf5 20. Ba3 Bg6 21. Bxe7
Qxe7 22. Qc4+ Kg7 23. Nd2 c5 24. Nf1 Rfd8 25. Rxd8 Rxd8 26. Qxa6 e4 27. Ne3 f5
28. Re1 f4 29. Nc4 g4 30. Qa3 e3 31. fxe3 Bd3 32. Qc1 f3 33. Qb2 Qh4 34. g3 Qf6
35. Na3 h5 36. e4 Be2 37. Kf2 h4 38. Qc1 hxg3+ 39. hxg3 Rh8 40. Rh1 Rxh1 41.
Qxh1 Qxc3 42. Qh4 Qd4+ 43. Ke1 Qg1+ 44. Kd2 Qd1+ 45. Ke3 Qd4+ 46. Kf4 Qd2+ 47.
Kf5 Qd7+ 48. Kf4 Qf7+ 49. Ke5 f2 0-1

[Event "TE.2005.S.02001"]
[Site "IECG"]
[Date "2007.12.08"]
[Round "2"]
[White "Wheeler, James"]
[Black "Pedro, Fernando Pablo"]
[Result "0-1"]
[WhiteElo "1988"]
[BlackElo "1963"]
[PlyCount "50"]
[EventDate "2007.??.??"]
[SourceTitle "OM Corr 202003"]
[Source "Opening Master"]
[SourceDate "2019.05.30"]
[SourceVersion "2"]
[SourceVersionDate "2019.05.30"]
[SourceQuality "1"]

1. e4 e5 2. Nf3 Nc6 3. c3 d5 4. Qa4 Qd6 5. exd5 Qxd5 6. Bb5 Bd7 7. O-O e4 8.
Re1 O-O-O 9. Rxe4 a6 10. Bxa6 Nf6 11. Re3 Nb4 12. Bxb7+ Kxb7 13. Qd1 Nd3 14.
Qf1 Bf5 15. Nd4 Nxc1 16. Nxf5 Qxf5 17. Qxc1 Bd6 18. Qf1 Rhe8 19. g3 Rxe3 20.
dxe3 Ne4 21. Qe2 Bc5 22. Qb5+ Kc8 23. Qa6+ Kd7 24. Qe2 Ke7 25. b4 Nxf2 0-1

[Event "TE.2005.S.02005"]
[Site "IECG"]
[Date "2007.12.08"]
[Round "2"]
[White "Gomez Galan Arense, Joaquin"]
[Black "Jordaan, Wayne"]
[Result "0-1"]
[WhiteElo "1898"]
[BlackElo "1713"]
[PlyCount "30"]
[EventDate "2007.12.08"]
[EventType "tourn (corr)"]
[SourceTitle "OM Corr 202003"]
[Source "Opening Master"]
[SourceDate "2019.05.30"]
[SourceVersion "2"]
[SourceVersionDate "2019.05.30"]
[SourceQuality "1"]

1. e4 e5 2. Nf3 Nc6 3. c3 Nf6 4. d4 Nxe4 5. d5 Ne7 6. Nxe5 Ng6 7. Qd4 Qf6 8.
Qxe4 Qxe5 9. Qxe5+ Nxe5 10. Bf4 Bd6 11. Nd2 O-O 12. O-O-O b6 13. Re1 f6 14. Bg3
Bb7 15. Nc4 Bxd5 0-1

[Event "TE.2005.S.02001"]
[Site "IECG"]
[Date "2007.12.08"]
[Round "2"]
[White "Sadowski, Marek"]
[Black "Reede, Arvo"]
[Result "1-0"]
[WhiteElo "2040"]
[BlackElo "1087"]
[PlyCount "87"]
[EventDate "2007.??.??"]

1. e4 e5 2. Nf3 Nc6 3. c3 d5 4. Qa4 f6 5. d3 Be6 6. Be2 Nge7 7. O-O Qd7 8. Be3
a6 9. Nbd2 b5 10. Qc2 d4 11. cxd4 exd4 12. Bf4 Ng6 13. Bg3 Bd6 14. a3 Bxg3 15.
hxg3 O-O 16. Nb3 Qd6 17. Nc5 Bc8 18. a4 b4 19. Qc4+ Kh8 20. Qd5 Rd8 21. Qxd6
Rxd6 22. Nd2 Ra7 23. f4 Rd8 24. Bf3 Na5 25. Rac1 Ne7 26. Rfe1 Ng6 27. Nc4 Nxc4
28. Rxc4 a5 29. Nb3 Be6 30. Rxd4 Rxd4 31. Nxd4 Bd7 32. b3 Kg8 33. e5 fxe5 34.
fxe5 Ne7 35. Kf2 h6 36. Ke3 Kf8 37. Rf1 Ke8 38. e6 Bc8 39. Nb5 Rb7 40. Bxb7
Bxb7 41. Nxc7+ Kd8 42. Nb5 Nd5+ 43. Kd4 Nf6 44. Rc1 1-0